| 000 | 00385nam a2200133Ia 4500 | ||
|---|---|---|---|
| 008 | 211109s9999||||xx |||||||||||||| ||und|| | ||
| 082 |
_a327.1 _bJAL-E |
||
| 100 | _aJalan, Bimal | ||
| 245 | 0 | _aEssays in Development Policy | |
| 260 |
_bMacmillan Co of India Limited _aDelhi _c1978 |
||
| 630 | _xGeneral Stack | ||
| 650 |
_aSocial sciences _vInternational ecnomicsCommerce |
||
| 942 | _cBOOK | ||
| 999 |
_c77606 _d77606 |
||